00547nam a2200157Ia 4500008004100000100001900041245002400060245008500084260004900169260000900218300000900227650001300236856004800249999001900297952007300316170221s9999 xx 000 0 und d aAdams, Michael aBlack Swans and VaR cMichael Adams, Jacksonville University; Barry Thornton, Jacksonville University. bJournal of Management and Marketing Research c2014 a13 : xBusiness uhttp://www.aabri.com/manuscripts/131653.pdf c313162d313162 001040aCLbCLd2017-02-21l0r2017-02-21 00:00:00w2017-02-21yFOJ